| 000 | 00649nam a2200265Ia 4500 | ||
|---|---|---|---|
| 003 | OSt | ||
| 005 | 20221006141902.0 | ||
| 006 | a|||||r|||| 00| 0 | ||
| 007 | ta | ||
| 008 | 221006b |||||||| |||| 00| 0 eng d | ||
| 020 | _c2145.50 | ||
| 024 | _a4,568 | ||
| 037 | _cTextual | ||
| 040 |
_aEASL _cEASL _beng |
||
| 041 |
_2eng _aeng |
||
| 082 | _aT.41.N88, N2 | ||
| 100 |
_aDU Ruiqing _9646453 |
||
| 245 | 0 | _aChinese higher education | |
| 260 |
_aNill _bMacmillan Press _c1992 |
||
| 300 |
_a146p. _ccm. |
||
| 490 | _v CEL | ||
| 650 | _aCEL | ||
| 942 |
_hT.41.N88, N2 _cTEXL _2CC |
||
| 999 |
_c1072654 _d1072654 |
||